Capitales les plus proches de Varsovie - Statistiques

Statistiques générales
  • Ce quiz a été pris 98 fois
  • Le résultat moyen est 17 sur 20
Statistiques - réponses
km capitale % Correct
518 Berlin
99%
546 Budapest
95%
517 Prague
93%
556 Vienne
91%
691 Kiev
90%
561 Riga
90%
393 Vilnius
90%
916 Helsinki
88%
476 Minsk
88%
534 Bratislava
87%
835 Tallinn
87%
948 Bucarest
85%
812 Stockholm
84%
1064 Oslo
82%
673 Copenhague
79%
803 Zagreb
72%
952 Sarajevo
70%
830 Belgrade
68%
814 Chișinău
61%
834 Ljubljana
60%
Aucun quiz correspondant
Distribution des résultats
% des personnes avec chaque résultat
Percentile par nombre de réponses
Votre historique - résultats
Vous n’avez pas pris ce quiz